Le cinéma d'Henri VERNEUIL - Statistiques

Statistiques générales
  • Ce quiz a été pris 23 fois
  • Le résultat moyen est 11 sur 20
Statistiques - réponses
Hint Réponse % Correct
1979, Montand enquête sur l'assassinat du président Jary I ... comme Icare
80%
décembre 1959, Fernandel aime Marguerite La vache et le prisonnier
80%
1969 : Gabin, Ventura, Delon, rien que ça ! Le clan des siciliens
73%
mars 1961, Gabin, Bllier, Audiard, que demande le peuple ? Le président
73%
mai 1962, Gabin et Belmondo prennent l'apéro Un singe en hiver
73%
décembre 1964, Belmondo à la plage, sous les bombes Week-end à Zuydcoote
73%
avril 1964, le désert, Audiard et des camions Cent mille dollars au soleil
67%
1976, Belmondo contre la bourgeoisie du Nord Le corps de mon ennemi
67%
1963, Audiard fait parler Gabin ... et Delon Mélodie en sous-sol
67%
1975, le commissaire Letellier Peur sur la ville
60%
1967 : Verneuil assisté de Pinoteau fait tourner Anthony Quinn La vingt-cinquième heure
53%
1971 course poursuite à Athènes Le casse
53%
1973 Yul Brynner, Henry Fonda, Philippe Noiret, Michel Bouquet ... Le serpent
53%
1982, Dewaere dans un de ses derniers rôles Mille milliards de dollars
53%
1984, Belmondo fait des étincelles Les morfalous
47%
1956 Gabin en routier amoureux Des gens sans importance
40%
1953 un village coupé en deux par Fernandel Le boulanger de Valorgue
40%
mars 1959 le duo de Don Camillo reconstitué Le grand chef
33%
1954 Fernandel, Trézignan, ... Le mouton à cinq pattes
33%
septembre 1961 : éblouissante Claudia Cardinale ... Les lions sont lâchés
27%
Aucun quiz correspondant
Distribution des résultats
% des personnes avec chaque résultat
Percentile par nombre de réponses
Votre historique - résultats
Vous n’avez pas pris ce quiz